| 000 | 01373nam a22002057a 4500 | ||
|---|---|---|---|
| 008 | 250130s2025 xxk|||||ol|||o00| 0 eng d | ||
| 041 | _aeng | ||
| 110 | _aParliament | ||
| 245 | _aLeasehold and Freehold Reform Act 2024 | ||
| 260 | _c2024 | ||
| 520 | _aAn Act to prohibit the grant or assignment of certain new long residential leases of houses, to amend the rights of tenants under long residential leases to acquire the freeholds of their houses, to extend the leases of their houses or flats, and to collectively enfranchise or manage the buildings containing their flats, to give such tenants the right to reduce the rent payable under their leases to a peppercorn, to regulate the relationship between residential landlords and tenants, to regulate residential estate management, to regulate rent charges and to amend the Building Safety Act 2022 in connection with the remediation of building defects and the insolvency of persons who have repairing obligations relating to certain kinds of buildings. | ||
| 650 | _aBUILDING SAFETY ACT 2022 | ||
| 650 | _aLANDLORD AND TENANT | ||
| 650 | _aLEASEHOLD PROPERTIES | ||
| 650 | _aLEASEHOLD AND FREEHOLD REFORM ACT 2024 | ||
| 651 | _aUnited Kingdom | ||
| 690 |
_aLandlord and tenant _96252 |
||
| 856 |
_uhttps://www.legislation.gov.uk/ukpga/2024/22/contents _zAvailable on legislation.gov.uk |
||
| 942 | _n0 | ||
| 999 |
_c122102 _d122102 |
||